History of political thought : (Record no. 96)

MARC details
000 -LEADER
fixed length control field 00512nam a2200181 4500
001 - CONTROL NUMBER
control field 111
005 - DATE AND TIME OF LATEST TRANSACTION
control field 20181127160418.0
020 00 - INTERNATIONAL STANDARD BOOK NUMBER
International Standard Book Number
090 00 - LOCALLY ASSIGNED LC-TYPE CALL NUMBER (OCLC); LOCAL CALL NUMBER (RLIN)
Classification number (OCLC) (R) ; Classification number, CALL (RLIN) (NR) 320.09 M9537h 2008
100 00 - MAIN ENTRY--PERSONAL NAME
Personal name Mukherjee, Subrata
245 00 - TITLE STATEMENT
Title History of political thought :
Remainder of title Plato to Marx /
Statement of responsibility, etc. Subrata Mukherjee, Sushila Ramaswamy.
Medium
260 00 - PUBLICATION, DISTRIBUTION, ETC.
Place of publication, distribution, etc. New Delhi:
Name of publisher, distributor, etc. PHI Learning,
Date of publication, distribution, etc. 2008
300 00 - PHYSICAL DESCRIPTION
Extent viii, 432 p.
500 00 - GENERAL NOTE
General note
650 00 - SUBJECT ADDED ENTRY--TOPICAL TERM
Topical term or geographic name entry element
General subdivision
Topical term or geographic name entry element Political science -- History.
General subdivision
700 ## - ADDED ENTRY--PERSONAL NAME
Personal name Ramaswamy, Sushila
Numeration
Titles and other words associated with a name
Dates associated with a name
Relator term
Form subheading
Language of a work
Medium of performance for music
Number of part/section of a work
Arranged statement for music
Name of part/section of a work
Fuller form of name
Key for music
Version
Title of a work
Holdings
Withdrawn status Lost status Source of classification or shelving scheme Damaged status Not for loan Collection code Home library Current library Shelving location Date acquired Serial Enumeration / chronology Inventory number Total Checkouts Full call number Barcode Date last seen Copy number Price effective from Koha item type Total Renewals Date last checked out Cost, normal purchase price
    Dewey Decimal Classification     Reference RTC Library RTC Library Reference 12/09/2023 2579   320.09 MUK 30000185 12/09/2023 1 27/11/2018 Reference      
    Dewey Decimal Classification     Main TEST RTC Library RTC Library Main opac   3945 3 320.09 MUK 30005638 26/08/2019 4 27/11/2018 Main 2 07/08/2019  
    Dewey Decimal Classification     Main TEST RTC Library RTC Library Main opac 01/03/2021 2411 3 320.09 MUK 30005728 14/09/2021 3 27/11/2018 Main 1 30/08/2021 195.00
    Dewey Decimal Classification     Main TEST RTC Library RTC Library Main opac 30/08/2021 2412 2 320.09 MUK 30005630 15/09/2021 2 27/11/2018 Main 4 30/08/2021 195.00
Royal Thimphu College || All Right Reserved